000 00669nam a2200217Ii 4500
003 JO-AjNU
008 230606s9999||||xx |||||||||||||| ||und||
020 _a0-256-16680-3
040 _aJO-AjNU
_beng
_erda
_cJO-AjNU
041 _aeng
050 1 4 _aHF5679.B597 1996
100 3 _aBoockholdot,J.L,
_eauthor
_93137
245 0 0 _aAccounting Information Systems: Transaction Processing and Controls
250 _aed4
264 3 1 _aChicago: Irwin, 1996
300 _a896p
_b Includes indexes(p891-896)
336 _atext
_btxt
_2rdacontent
337 _aunmediated
_bn
_2rdamedia
338 _avolume
_bnc
_2rdacarrier
650 4 _aAccounting Information Systems
_93138
999 _aE1644
_c1644
_d1644